• 首页
  • 本馆介绍
  • 公告通知
  • 最新文献
  • 馆藏检索
  • 电子资源
  • 读者导购
  • 参考咨询
  • 我的图书馆
  • 登录
  • 详细信息显示
  • 放入我的书架
  • 预约/预借图书
  • 作者相关作品
  • 分类相关作品
  • 丛书相关作品
  • 出版社相关作品

书目信息

  • 表格格式
  • 工作单格式
  • 卡片格式
题名:
法语
    
 
作者: 徐百康 编
分册:  
出版信息: 上海   上海译文出版社  1983
页数: 378页
开本: 19cm
丛书名:
单 册:
中图分类: H32
科图分类:
主题词: 法语--广播讲座
电子资源:
ISBN:
000 00644nam0 2200253 45
001 0183011323
005 20040508154249.5
010    @dCNY0.88
091    @a9188.210
100    @a19950517d1983 em y0chiy0121 ea
101 0  @achi@afre
102    @aCN@b310000
105    @ay z 000yy
106    @ar
200 10 @a法语@Afa yu@e进修班@f徐百康编
210    @a上海@c上海译文出版社@d1983
215    @a378页@d19cm
300    @a上海市业余外语广播讲座
606    @a法语@x广播讲座
690    @aH32@v3
701  0 @a徐百康@Axu bai kang@4编
801  0 @aCN@b上海图书馆@c20040508
801  2 @aCN@bNLC@c20040508
905    @f2@b128097-098@dH32@e12
    
    法语:进修班/徐百康编.-上海:上海译文出版社,1983
    378页;19cm
    上海市业余外语广播讲座
    
    ISBN :CNY0.88
    
●
相关链接 在E读中查询图书 在五车中查询图书 在当当中查询图书 在豆瓣中查询图书


正题名:法语     索取号:H32/12         预约/预借

序号 登录号 条形码 馆藏地/架位号 状态 备注
1 0128097   001133525   第四借阅区/ [索取号:H32/12] 在馆    
2 0128098   001133464   密集书库/ [索取号:H32/12] 在馆    
3 0128099   001133455   第二样本阅览室/ [索取号:H32/12] 在馆    
唐山师范学院图书馆 欢迎您!
大连网信软件有限公司© 版权所有